| 000 | 00498cam a2200193 4500 | ||
|---|---|---|---|
| 001 | D1812 | ||
| 008 | 090401t1973 xxu||||| |||| 00| 0 eng d | ||
| 035 | _a(Sirsi) u65966 | ||
| 041 | _aeng | ||
| 050 | _a624.003 | ||
| 100 | _aBucksch, Herbert | ||
| 245 | _aDictionary of civil engineering and construction machinery and equipment vol 1 German-English | ||
| 250 | _a5th | ||
| 260 |
_aWiesbaden _bBauverlag _c1973 |
||
| 300 | _a1180p. 17cm | ||
| 350 | _a0 | ||
| 942 | _n0 | ||
| 948 | _c04/03/1997 | ||
| 999 |
_c94806 _d94806 |
||